Teoría estadística de la materia

Salvato in:
Dettagli Bibliografici
Autore principale: Rodríguez, Antonio Eduardo
Altri autori: Caligaris, Roberto Emilio
Natura: Libro
Lingua:Spanish
Pubblicazione: Washington : OEA Programa Regional de Desarrollo Científico y Tecnológico 1979
Serie:Serie de física ; monografía no. 13
Soggetti:
Tags: Aggiungi Tag
Nessun Tag, puoi essere il primo ad aggiungerne!!

MARC

LEADER 00000nam a2200000Ia 4500
003 000711
005 20221231143952.0
008 140114s1979 nyua 000 ||spa d
040 |c cru CEDI 
082 |a 536.7 R696t 
100 |a Rodríguez, Antonio Eduardo  |9 19706 
245 |a Teoría estadística de la materia  
260 |a Washington : OEA Programa Regional de Desarrollo Científico y Tecnológico   |c 1979 
300 |a  vi, 96 páginas : ilustraciones ; 23 cm. 
440 |a Serie de física ; monografía no. 13  |9 19708 
650 |x TERMODINAMICA   |x MECANICA ESTADISTICA   |9 19709 
700 |9 19707  |a Caligaris, Roberto Emilio 
942 |2 ddc  |c BK 
999 |c 14968  |d 14968